[Event "S Wales Late Summer Open"]
[Site "?"]
[Date "2022.09.04"]
[Round "5.14"]
[White "Kong, Emma"]
[Black "Parri, Deio"]
[Result "0-1"]
[WhiteElo "1270"]
[BlackElo "1609"]
[Annotator "kemen"]
[PlyCount "94"]
[EventDate "2022.??.??"]
[SourceVersionDate "2022.09.07"]

{[%evp 0,22,14,27,32,6,23,31,24,-31,8,-7,15,24,39,31,27,33,29,15,27,4,12,-9,
-15]} 1. d4 d5 2. c4 c6 3. Nf3 Nf6 4. Bg5 (4. Nc3) (4. e3 {main lines}) 4... e6
5. cxd5 cxd5 (5... exd5 {main}) 6. Nc3 Be7 7. e3 O-O 8. Bd3 h6 9. Bh4 b6 (9...
Nc6) (9... Nbd7 {main lines}) 10. Qc2 Bb7 (10... Ba6 {1-3-2}) 11. Ne5 {1-1-1}
Nbd7 12. f4 Rc8 13. O-O a6 (13... Ne4 14. Be1 Ndf6 15. Qa4 a6 16. f5 b5 17. Qb3
exf5 18. Rxf5 Nd6 19. Rf3 Nc4 20. Bb1 Nxe5 21. dxe5 Ng4 22. Qc2 g6 23. e6 f5
$19 {Tuominen-Auvinen, Helsinki op 1992,1-0 ( Wh was allowed a N sac on f5)})
14. a3 b5 15. Qd2 (15. f5 Nxe5 16. dxe5 Ng4 17. f6 gxf6 18. exf6 Nxf6 19. Qe2
Ne4 (19... d4 $17) 20. Qg4+ Bg5 21. Bxe4 dxe4 22. Rad1 $11 {
Kizhinsky-Boterzatu, Kishinev ULIM cup, 2001,1/2-1/2}) 15... Nb6 16. Bxf6 Bxf6
17. Bc2 (17. Rf3 $14 {KomodoDragon3}) 17... Bxe5 18. Qd3 {mistimed} (18. fxe5
Qg5 (18... Qe7 19. Qd3 f5 20. exf6 gxf6 21. Ne2 f5 22. Nf4 $18 {the Bl K side
structure has been weakened & Bl's bad QB is unable to support the defence of
the K}) 19. Qd3 Qg6 20. Qe2 Qg5 21. Rf3 $18 {KD3, all of Wh's pieces join in
the attack on the K side}) 18... f5 19. fxe5 $11 {Wh no longer has the ep
option (though Bl retains a bad B)} Qe7 20. Qe2 Nc4 21. Bd3 Bc6 {well it can
now get out ( though even in front of the pawnsits mobility would still be
limited)} 22. Rf3 (22. h3) 22... Ra8 (22... Be8 $1 {KD3} 23. Rf4 Qg5 24. h4 Qg3
25. Nd1 Rc7 26. b3 Na5 27. Rb1 Nc6 28. Nf2 b4 29. a4 Na5 30. Bxa6 Rc3 $11 {
Bl is getting threats on the Q side}) 23. Bxc4 $2 {this lets the B loose on
the long diagonal} (23. h3 a5 24. Rf2 Bd7 25. Raf1 $11 {KD3- perhaps, with
some patience, Wh can try to open the position with a wel-timed g4}) 23... dxc4
$17 24. Rg3 f4 $19 25. exf4 Rxf4 26. Qe3 Raf8 {Bl now dominates the K side &
has a Q side pawn majority for later.} 27. Qd2 Qf7 28. Qd1 Qd7 (28... Rf2 29.
Rb1 Qf4 {RD3 & Wh is running out of moves}) 29. Qd2 Qf7 30. Qd1 Rd8 31. Ne2 Rf2
32. Qe1 Rf8 33. Rd1 Be4 (33... Qf5) (33... a5 {starting a Q side advance, to
draw \way pieces from the K side defence both lines KD3}) 34. Nc1 (34. Nc3 $5
Bc2 35. Ra1 Bd3 36. h3 Qf4 37. Qe3 Qxe3 38. Rxe3 Rxb2 $19 {RD3}) 34... Bc2 35.
Rf3 Rxf3 (35... Rxg2+ 36. Kxg2 Qxf3+ 37. Kg1 Qg4+ 38. Qg3 (38. Kh1 Rf1+ 39.
Qxf1 Be4+ 40. Qg2 Qxg2#) 38... Qxd1+ 39. Kg2 Qf1# {KomodoDragon3}) 36. gxf3
Bxd1 (36... Qxf3 {the one bad B is now better than the R}) 37. Qxd1 Qxf3 (37...
Qh5) 38. Qxf3 Rxf3 39. Kg2 Rf5 (39... c3 $1 {KD3}) 40. Ne2 Kf8 (40... g5 $1)
41. Kg3 Ke7 42. Nf4 Kd7 (42... g5 43. Ne2 Rf1) 43. h4 g5 (43... a5) 44. hxg5
Rxg5+ 45. Kh4 Rg1 46. Kh5 Rd1 47. Kxh6 Rxd4 0-1

[Event "S Wales Late Summer Open"]
[Site "?"]
[Date "2022.09.04"]
[Round "5.15"]
[White "Smith, Callum"]
[Black "Chung, Ethan"]
[Result "1-0"]
[WhiteElo "1322"]
[BlackElo "1570"]
[Annotator "kemen"]
[PlyCount "85"]
[EventDate "2022.??.??"]
[SourceVersionDate "2022.09.07"]

{[%evp 0,22,32,18,43,43,60,20,48,61,62,54,61,-28,-17,-78,-42,3,3,21,-11,-56,-1,
16,29]} 1. e4 d5 2. exd5 Qxd5 3. d4 (3. Nc3) (3. Nf3 {main lines}) 3... Nf6 4.
Nf3 Bg4 5. Be2 Nc6 6. c3 (6. c4) (6. O-O {main lines}) 6... O-O-O 7. Bf4 (7.
O-O e5 8. dxe5 Qxd1 9. Rxd1 Rxd1+ 10. Bxd1 Bxf3 11. Bxf3 Nxe5 12. Be2 Bc5 {
main; 2-4-4}) 7... Qf5 (7... e5 {0-3}) 8. Bg3 (8. Bg5 $2) 8... e5 9. Nxe5 Nxe5
10. Bxe5 Bxe2 11. Qxe2 Bd6 (11... Re8 12. O-O Nd7 13. Qd1 Nxe5 14. dxe5 Qxe5
15. Nd2 Bc5 $11 {Lopez Gomez-Andres Julia, Cullera op 2005,1/2-1/2}) 12. Bxd6
Rxd6 13. O-O Re6 (13... Re8) 14. Qd1 Rhe8 15. Nd2 g5 (15... Re2 $11 {
KomodoDragon3, offers no pawn weaknesses on the K side}) 16. Nc4 Nd5 17. Ne3
Nxe3 18. fxe3 Qg6 19. Qg4 Kb8 20. Rae1 f6 (20... a5) 21. Qf5 $18 c6 22. Qxg6
hxg6 23. g4 (23. e4) 23... Kc7 24. Rf3 Kd6 25. Kf2 Rh8 26. h3 b5 27. e4 (27.
Ke2 f5 28. Kd3 {KD3}) 27... Rhe8 28. Rfe3 a5 29. b3 c5 30. Kf3 b4 31. dxc5+
Kxc5 32. Rd1 (32. cxb4+ axb4 33. Rd3 Re5 34. Rd7 Kc6 35. Red1 $18 {KD3}) 32...
Re5 (32... Rd6 33. Red3 Rxd3+ 34. Rxd3 Rh8 35. Kg3 bxc3 36. Rxc3+ Kd4 $11 {KD3}
) 33. c4 $18 Rh8 34. Ke2 (34. Kg2) 34... Rhe8 35. Rd5+ Kc6 36. Kf3 (36. Kd3
R8e6 37. Kd4 Re8 38. c5 $18 {KD3}) 36... R8e7 37. Rxe5 fxe5 38. Rd3 Rf7+ 39.
Ke3 Rd7 (39... Rh7 40. Kf2 Rf7+ 41. Kg2 Rf4 42. Rd5 Rxe4 43. Rxa5 $18 {KD3})
40. Rd5 (40. Rxd7 Kxd7 $16 {Wh has to go to the K side to win in the end})
40... Rxd5 41. exd5+ Kc5 42. Ke4 Kd6 43. c5+ 1-0

[Event "S Wales Late Summer Open"]
[Site "?"]
[Date "2022.09.04"]
[Round "5.16"]
[White "Thomas, Mark"]
[Black "Mcghee, David"]
[Result "1-0"]
[WhiteElo "1842"]
[BlackElo "1529"]
[Annotator "kemen"]
[PlyCount "105"]
[EventDate "2022.??.??"]
[SourceVersionDate "2022.09.07"]

{[%evp 0,11,19,31,72,49,78,38,18,-25,6,20,74,47]} 1. e4 c5 2. Nc3 e6 3. f4 d5
4. Nf3 dxe4 5. Nxe4 Qc7 (5... Nc6) (5... Nf6 {main lines}) 6. g3 b6 7. Bg2 Bb7
8. Qe2 (8. Nf2 g6 9. O-O Nd7 10. c3 Ne7 11. d3 Bg7 12. Qc2 O-O {Postma-Van der
Heijden, Hengelo op 1992, 1/2-1/2}) 8... Be7 9. b3 (9. Ne5 Nh6 10. b3 O-O 11.
Bb2 Nc6 12. Nxc6 Bxc6 13. O-O Nf5 14. Qh5 Rad8 15. Rae1 Nd4 16. g4 Rd5 (16...
f5 $19) 17. g5 Rfd8 18. Re3 $11 {Bennett-McLaren, NZ ch 2001,1-0}) 9... Nf6 10.
Nf2 Nc6 11. Bb2 Nb4 (11... Nd4 $15) 12. d3 O-O 13. O-O Rfe8 $11 14. a3 Nc6 15.
c3 Rad8 16. Rac1 (16. Ne5) 16... Bd6 17. d4 Qe7 (17... Ne7 $17) 18. b4 (18. Ne5
$11) 18... cxb4 19. axb4 Nb8 20. b5 a6 21. bxa6 Bxa6 22. c4 Bb4 (22... Bb7 $11)
23. Nd3 Ba3 24. Nfe5 Bxb2 25. Qxb2 Bb7 26. Qxb6 (26. Bxb7 Qxb7 27. c5 $18 {
KomodoDragon3}) 26... Bxg2 27. Kxg2 Qa3 28. Nf2 (28. Ra1 Qc3 29. Rfd1 Qxd4 30.
Nc5 Qxd1 31. Rxd1 Rxd1 32. Qb7 Rf8 33. g4 $18 {KD3}) 28... Nbd7 29. Qb1 (29.
Qb7 Rb8 30. Qf3) 29... h6 30. Rfd1 Rb8 31. Qa1 Qd6 32. Qc3 Rec8 33. Qf3 Qa6 34.
g4 (34. Ra1 Qb6 35. c5 Qc7 36. Nc4 $16 {KD3}) 34... Nxe5 (34... Qa2) 35. fxe5
Nh7 36. Qe2 (36. Qc3 Qc6+ 37. Kg3 f5 $11 {KomodoDragon3}) 36... Rb4 37. Ne4 Qb7
38. Kg3 Ra8 39. Nd6 (39. Nc5 Qe7 $11 {KD3}) 39... Qb8 (39... Ra3+ 40. Rd3 Qa8
$17 {KD3}) 40. h4 (40. Rd3 $11) 40... Ra3+ (40... Rb2 $19 41. Rd2 (41. Qf3 Raa2
) 41... Ra3+ 42. Kh2 Rxd2 43. Qxd2 Qb3 $19 {KD3}) 41. Rd3 Rbb3 42. Rcd1 Nf8 43.
Qf3 Rxd3 (43... f6 $11 {KD3}) 44. Rxd3 Rxd3 45. Qxd3 Qb2 (45... f6 $11 {KD3})
46. Qe3 Ng6 47. c5 Ne7 (47... Nxh4 48. g5 hxg5 49. Qxg5 Qg2+ 50. Kxh4 Qh2+ 51.
Kg4 Qg2+ 52. Kf4 Qd2+ $11 {KD3}) 48. Qf2 Qxf2+ (48... Qc3+ 49. Kh2 Nd5 $11 {KD3
}) 49. Kxf2 $18 g5 50. hxg5 hxg5 51. Ne4 (51. Ke2) 51... Kg7 52. Nxg5 Kg6 53.
Ne4 1-0

[Event "S Wales Late Summer Open"]
[Site "?"]
[Date "2022.09.04"]
[Round "5.17"]
[White "Chung, Daniel"]
[Black "Browse, Joseph"]
[Result "1-0"]
[WhiteElo "1693"]
[BlackElo "1629"]
[Annotator "kemen"]
[PlyCount "41"]
[EventDate "2022.??.??"]
[SourceVersionDate "2022.09.07"]

{[%evp 0,4,18,10,16,-14,-15]} 1. d4 d5 2. c4 e6 3. Nf3 Nf6 4. g3 dxc4 5. Bg5 {
2 draws, 1 Bl win} (5. Bg2) (5. Qa4+ {main lines}) 5... c5 6. e3 (6. Nc3 {
1 draw, 2 Bl wins}) (6. Qa4+ Nc6 7. Bg2 cxd4 8. O-O {1 draw}) 6... Nc6 7. Bxc4
h6 (7... cxd4 8. exd4 Be7 $15) 8. Bxf6 Qxf6 9. O-O cxd4 10. Nxd4 Nxd4 11. exd4
b6 $2 (11... Bd7 $11) 12. Bb5+ $18 Bd7 (12... Kd8 13. Nc3 $18 {KomodoDragon3})
13. Nc3 (13. Bxd7+ Kxd7 14. Qa4+ Kd8 15. Nc3 $18 {the Bl K is horribly exposed
in the soon to be opened d file}) 13... Rd8 14. Qa4 $18 {Bl still has the K in
the middle} a5 15. Rfe1 (15. Bxd7+ Rxd7 16. d5 $18) 15... Be7 16. Bxd7+ Rxd7
17. Rad1 (17. d5 {also}) 17... Qf3 18. d5 e5 19. Rxe5 (19. d6 {also}) 19... Qf6
20. Rde1 Qd6 21. Qc6 (21. Rxe7+ Qxe7 22. Rxe7+ Kxe7 23. Qe4+ Kf8 24. d6 $1 {
KomodoDragon3}) 1-0